Every Song by Gym Class Heroes - Statistics

General Stats
  • This quiz has been taken 27 times
    5 since last reset
  • The average score is 28 of 109
Answer Stats
Album Song % Correct
The Papercut Chronicles II(2011) Stereo Hearts
100%
The Papercut Chronicles II(2011) Ass Back Home
80%
The Papercut Chronicles(2005) Cupid's Chokehold
80%
Never Slept Better(2022) ..never slept better..
60%
The Papercut Chronicles(2005) Papercuts
60%
The Papercut Chronicles II(2011) | The Papercut Chronicles(2005) Za Intro
60%
As Cruel As School Children(2006) 7 Weeks
40%
The Papercut Chronicles(2005) Apollo 3-1-5
40%
Never Slept Better(2022) A Spoonful of Cinnamon
40%
The Papercut Chronicles(2005) Band Aids
40%
Lazarus(2010) Billionaire
40%
As Cruel As School Children(2006) Biters Block
40%
As Cruel As School Children(2006) Boys in Bands
40%
As Cruel As School Children(2006) Clothes Off!!
40%
The Quilt(2008) Cookie Jar
40%
The Papercut Chronicles(2005) Faces In the Hall
40%
Non-Album(2015) Golden
40%
The Papercut Chronicles(2005) Graduation Day
40%
The Quilt(2008) Guilty as Charged
40%
The Papercut Chronicles II(2011) Holy Horseshit, Batman!!
40%
As Cruel As School Children(2006) It's Ok, But Just This Once!
40%
Non-Album(2014) Keep On Keeping On
40%
The Papercut Chronicles II(2011) Lazarus, Ze Gitan
40%
Never Slept Better(2022) Loved Me Back to Life
40%
The Papercut Chronicles(2005) Make Out Club
40%
The Papercut Chronicles II(2011) Martyrial Girl$
40%
The Quilt(2008) Peace Sign/Index Down
40%
The Papercut Chronicles(2005) Petrified Life and the Twice Told Joke (Decrepit Bricks)
40%
The Papercut Chronicles(2005) Pillmatic
40%
Non-Album(2013) Rough Water
40%
As Cruel As School Children(2006) Scandalous Scholastics
40%
As Cruel As School Children(2006) Shoot Down the Stars
40%
The Papercut Chronicles(2005) Simple Livin'
40%
As Cruel As School Children(2006) Sloppy Love Jingle Pt. 1
40%
As Cruel As School Children(2006) Sloppy Love Jingle Pt. 2
40%
As Cruel As School Children(2006) Sloppy Love Jingle Pt. 3
40%
The Papercut Chronicles(2005) So Long Friend
40%
The Papercut Chronicles II(2011) The Fighter
40%
As Cruel As School Children(2006) The Queen And I
40%
Lazarus(2010) After Midnight
20%
Lazarus(2010) Akidagain
20%
Never Slept Better(2022) Another Round
20%
Hed Candy(1999) A Song for Noah
20%
The Quilt(2008) Blinded by the Sun
20%
Never Slept Better(2022) Broken Barometer Blues
20%
The Quilt(2008) Catch Me If You Can
20%
The Quilt(2008) Coming Clean
20%
Lazarus(2010) Critical
20%
Never Slept Better(2022) Déjà Fait
20%
Hed Candy(1999) Don't Let Me Down
20%
Lazarus(2010) Don't Pretend
20%
The Quilt(2008) Don't Tell Me It's Over
20%
Never Slept Better(2022) Down and Out in L.A.
20%
Lazarus(2010) Dr. Feel Good
20%
The Quilt(2008) Drnk Txt Rmeo
20%
The Papercut Chronicles(2005) Everyday's Forecast
20%
Never Slept Better(2022) Full Monarch
20%
Non-Album(2019) Good Times (Summer Twist List)
20%
The Quilt(2008) Home
20%
Never Slept Better(2022) I am Pagliacci
20%
Never Slept Better(2022) I'll Never Be Loved
20%
Never Slept Better(2022) Karma Kama Sutra
20%
The Papercut Chronicles II(2011) Kid Nothing And The Never Ending Naked Nightmare
20%
The Papercut Chronicles(2005) Kid Nothing vs. the Echo Factor
20%
The Quilt(2008) Kissin' Ears
20%
The Papercut Chronicles II(2011) Life Goes On
20%
The Quilt(2008) Like Father, Like Son (Papa's Song)
20%
The Quilt(2008) Live a Little
20%
The Quilt(2008) Live Forever (Fly With Me)
20%
Never Slept Better(2022) Matty's mattresses: deluxe la
20%
Never Slept Better(2022) Matty's mattresses: from larvae to monarch
20%
Never Slept Better(2022) Matty's mattresses: weatherproof
20%
Lazarus(2010) Need You
20%
As Cruel As School Children(2006) New Friend Request
20%
The Papercut Chronicles II(2011) Nil-Nil-Draw
20%
The Quilt(2008) No Place to Run
20%
...For the Kids(2001) Oh My God
20%
As Cruel As School Children(2006) On My Own Time (Write On!)
20%
The Papercut Chronicles II(2011) Solo Discotheque (Whiskey Bitness)
20%
Never Slept Better(2022) Stop It
20%
Lazarus(2010) Superbad
20%
The Papercut Chronicles(2005) Taxi Driver
20%
Never Slept Better(2022) The Best Part of Revenge
20%
Never Slept Better(2022) The Bridge
20%
Lazarus(2010) The Manual
20%
The Papercut Chronicles(2005) To Bob Ross With Love
20%
As Cruel As School Children(2006) Viva La White Girl
20%
...For the Kids(2001) wejusfreestylin
20%
The Papercut Chronicles(2005) wejusfreestylin'pt2
20%
Lazarus(2010) We'll Be Alright
20%
...For the Kids(2001) A Beautiful Day
0%
Lazarus(2010) Bad All By Myself
0%
The Papercut Chronicles(Bonus)(2005) Boomerang Theory
0%
...For the Kids(2001) Crab Apple Kids
0%
...For the Kids(2001) Eighty-Five
0%
...For the Kids(2001) Extra Extra
0%
...For the Kids(2001) Food for Mic Skills
0%
...For the Kids(2001) Happy Little Trees
0%
...For the Kids(2001) Hey Mina
0%
...For the Kids(2001) How It Was
0%
Lazarus(2010) Ms. Tattoo Girl
0%
...For the Kids(2001) Noah
0%
...For the Kids(2001) Pig Latin
0%
Lazarus(2010) She Did It
0%
Hed Candy(1999) Swing Joint
0%
...For the Kids(2001) Thinking Out Loud
0%
...For the Kids(2001) This Thing Called Life
0%
No matching quizzes found
Score Distribution
Percent of People with Each Score
Percentile by Number Answered
Your Score History
You have not taken this quiz since the last reset